Sports Quiz

Random Sports or Decade Quiz

Find the Basketball Hall of Fame Inductees (1980s-'90s) Quiz Stats

 Plays Quiz Updated Mar 27, 2020

Support Sporcle.
Go Orange.
Score 0/16 Timer 03:00
2 Plays Today
% Correct
Larry Bird (1998)
96.2%
Kareem Abdul-Jabbar (1995)
95.9%
Jerry West (1980)
92%
Julius Erving (1993)
90.8%
Cheryl Miller (1995)
89.6%
Kevin McHale (1999)
89%
Bill Walton (1993)
88.9%
John Havlicek (1984)
86.4%
% Correct
Oscar Robertson (1980)
86.2%
Pete Maravich (1987)
85.1%
Walt Frazier (1987)
78.5%
George Gervin (1996)
77.8%
Elvin Hayes (1990)
74.9%
David Thompson (1996)
71.8%
Alex English (1997)
69.3%
Earl Monroe (1990)
68.9%

From the Vault

Fantastic Foursomes by First Names

by Noldeh

Three's a crowd, but four's a party!
Remove Ads.
Support Sporcle.
Get the best of Sporcle when you Go Orange. This ad-free experience offers more features, more stats, and more fun while also helping to support Sporcle. Thank you for becoming a member.

Show Comments

Extras

Top Quizzes Today


Score Distribution

Your Account Isn't Verified!

In order to create a playlist on Sporcle, you need to verify the email address you used during registration. Go to your Sporcle Settings to finish the process.

Report this User

Report this user for behavior that violates our Community Guidelines.

Details: